Riconosci il Pokémon - Quiz n°345 - Statistics

Statistiche generali
  • Questo quiz è stato fatto 0 volte
  • Il punteggio medio è 0 su 10
Statistiche sulle risposte
Indizio Risposta % Corretto
Peso 136,0 kg
0%
Altezza 2,1 m
0%
Sesso 50% ♂, 50% ♀
0%
Tasso di cattura 65 (15.7%)
0%
Abilità Ferropugno; Rompiforma; Nervisaldi
0%
Tipo Lotta / Buio
0%
Tasso di allevamento Medio-Veloce
0%
Pokémon Pangoro
0%
Stadio evoluzione Prima evoluzione
0%
Generazione Sesta
0%
Nessun quiz corrispondente trovato
Distribuzione punteggi
Percentuale di utenti per punteggio
Percentile per numero di risposta
I tuoi punteggi nel tempo
Non hai fatto questo quiz